000 00972nam0a22002531 4500
001 rc\239749
005 20030307115927.1
010 _a5-08-000790-7
_9100000
035 _a(NLR Aleph) 005483484
090 _a5140042
_c5140042
100 _a20030307d1990 u |0rusy50 ca
101 0 _arus
102 _aRU
105 _aa |||||||||
200 1 _aВизитная карточка страны
_e[Почтовые марки
_eДля сред. и ст. шк. возраста]
_fЛ.Ф. Стржижовский, И.В. Чехов
_gПредисл. В.В. Горбатко
_gХудож. В.Н. Белоногов
210 _aМ.
_cДет. лит.
_d1990
215 _a286, [2] с.
_cцв. ил.
_d22х21
700 1 _aСтржижовский
_bЛ. Ф.
_f1930-
_gЛев Федорович
701 1 _aЧехов
_bИ. В.
_gИгорь Владимирович
801 0 _aRU
_bNLR
_gpsbo
801 1 _aRU
_bELAR
_2rusmarc
852 _aNLR
_j90-5/2490
942 _cBOOK
980 _aNB